000 01190nam a2200325 a 4500
001 000115333
003 CHAP
005 20220329144530.0
008 190509s2018 mx a |sm |||||||spa d
010 _a111794
011 _a112766
040 _cCHAP
090 _aTesis
100 1 _aCuenca Condoy, Mercedes Maria.
_930024
245 1 0 _aVariabilidad interespecífica entre especies mexicanas de Phytophthora del clado 1c
_h[En línea]
_cpor Mercedes Maria Cuenca Condoy.
260 _aChapingo, Méx. :
_bEl autor,
_c2018.
500 _aPara ver el contenido del material haga clic en la liga
502 _aTesis (Ph.D. en Ciencias en Horticultura) -- UACH. Departamento de Fitotecnia
590 _aE11695DGD
_b10
_c20190513
_lUCH01
_h1243
590 _aE6339RRR
_b05
_c20190509
_lUCH01
_h1204
590 _aE6339RRR
_b05
_c20190509
_lUCH01
_h1205
590 _aE6339RRR
_b05
_c20190509
_lUCH01
_h1208
650 1 4 _aFungicidas
_xAplicación.
_9126604
650 1 4 _aPapa
_xEnfermedades por hongos.
_985229
650 1 4 _aTizón tardío de la papa.
_9113451
856 _aFinding aid
_uhttp://10.13.5.2/tesis/sist115333.pdf
_zTeclea aquí
901 _aBK
942 _cTESIS
942 _n0
999 _c111794
_d111794